| 000 | 03310nam0a2200529 4500 | ||
|---|---|---|---|
| 001 | RU\NLR\BIBL_A\012015679 | ||
| 005 | 20260408111630.0 | ||
| 020 |
_aRU _9Ленинград в Великой Отечественной войне. Коллекция. Афиши |
||
| 035 | _a(NLR Aleph) 012015679 | ||
| 090 |
_a11472742 _c11472742 |
||
| 100 | _a20190520d1944 u y0rusy50 ca | ||
| 101 | 0 | _arus | |
| 102 | _aRU | ||
| 105 | _ay z 000zy | ||
| 135 | _acrcn 024anaba | ||
| 200 | 1 |
_aНовый американский фильм Серенада Солнечной долины _eв главных ролях: Соня Хенни и Джон Рэин. Джаз-оркестр пу Гленн Миллер. [Худож.] А. Васильев _eПроизводство "Фокс XX век". Выпуск "Главкинопрокат, 1944 г." _e[афиша] |
|
| 210 |
_a[Ленинград] _cГлавкинопрокат _d1944 |
||
| 215 |
_a1 л. _d56х79 |
||
| 316 |
_aЭкз деф.: оборвал правый край афиши с частичной потерей текста _5NLR |
||
| 325 | _aКопия доступна в Электрон. б-ке РНБ | ||
| 517 | 1 | _aСеренада Солнечной долины | |
| 606 | 1 |
_aТеатральная жизнь _jАфиши _yЛенинград, город _z1941 - 1944 _92398624 _3RU\NLR\AUTH\6601649837 |
|
| 686 | _aЩ333(2Р=Рус)7- 692Ленинград | ||
| 702 | 1 |
_4005 _7ca _8rus _aХени _bС. _cфигуристка, актриса _f1912-1969 _gСоня _9206434 _3RU\NLR\AUTH\770206486 |
|
| 702 | 1 |
_4005 _7ca _8rus _aПейн _bД. _cамерикан. актер _f1912-1989 _gДжон _9206436 _3RU\NLR\AUTH\770206488 |
|
| 702 | 1 |
_4250 _aМиллер _bГ. _cамерикан. музыкант _f1904-1944 _gГленн _9206444 _3RU\NLR\AUTH\770206496 |
|
| 702 | 1 |
_4040 _aВасильев _bА. С. _cхудожник, график _f1910-1967 _gАнатолий Сергеевич _9206669 _3RU\NLR\AUTH\770206721 |
|
| 711 | 0 | 2 |
_aОркестр Гленна Миллера _cСША _9650572 _3RU\NLR\AUTH\8810074311 |
| 711 | 0 | 2 |
_a"Двадцатый век Фокс", киностудия _cСША _9661834 _3RU\NLR\AUTH\880501003 |
| 711 | 0 | 2 |
_aЛенинградская городская контора кинопроката _9383766 _3RU\NLR\AUTH\880358120 |
| 852 |
_aNLR _jЛ3-330а/к/ф/1/1944-21а |
||
| 856 | 0 | _uhttp://vivaldi.nlr.ru/ll000010883/view | |
| 856 | 1 | _uhttp://vivaldi.nlr.ru/ll000010883/cover | |
| 856 | 2 | _uhttp://vivaldi.nlr.ru/ll000010883/text | |
| 942 | _cVISUAL | ||
| 945 | _aРоссийская национальная библиотека | ||
| 980 | _aNB | ||
| 980 | _aBV | ||
| 980 | 3 | _akplen | |
| 980 | 3 | _akp | |
| 981 | 3 | 7 |
_a(37) Ленинград в Великой Отечественной войне _b(37) Афиши блокадного Ленинграда |